Diagnóstico de la investigación en Costa Rica: informe de avance
Guardado en:
| 企業作者: | |
|---|---|
| 格式: | Texto |
| 出版: |
San José
|
| 標簽: |
添加標簽
沒有標簽, 成為第一個標記此記錄!
|
MARC
| LEADER | 00000 a a2200000 04500 | ||
|---|---|---|---|
| 001 | 21524 | ||
| 003 | |||
| 040 | |||
| 090 | |a 095200 | ||
| 110 | |a Centro para la Promoción de la Ciencia y el Desarrollo Socioeconómico | ||
| 245 | |a Diagnóstico de la investigación en Costa Rica: informe de avance | ||
| 260 | |a San José | ||
| 300 | |a p. irreg | ||
| 999 | |c 3825 |d 3825 | ||
